000 00882nam a22002897a 4500
001 768714001
003 CO-MdFUSB
005 20251001151635.0
007 ta
008 170406s1993 sp ||||| |||| 00| 0 s d
020 _a1134-5233
040 _aCO-MdFUSB
_bspa
_cCO-MdFUSB
_dCO-MdFUSB
_erda
041 _aspa
090 _aAV 0318
110 _aAsociación Bíblica Española
245 3 _aLa primera carta a los Tesalonicenses
_c/ Asociación Bíblica Española
264 1 _bVerbo Divino,
_aNavarra, España :
_c[1994]
264 4 _c©1994
300 _a72 páginas
_c19 cm
336 _2rdacontent
_atexto
_btxt
337 _2rdamedia
_asin mediación
_bn
338 _2rdacarrier
_avolumen
_bnc
630 0 7 _aBiblia.
_pTesalonicenses, 1ª
_xCrítica, interpretación, etc.
942 _2ddc
_cAV
999 _c63852
_d63852